000 00950nmc a2200325 a 4500
003 AR-BaBNM
005 20251128202733.0
008 157019s1992 ||||||||||||||000 | spa||
020 _a84-7100-285-X
040 _cAR-BaBNM
100 1 _aSerrano Mangas, Fernando
245 1 0 _aFunción y evolución del galeón en la carrera de Indias
250 _a1ª ed.
260 _aMadrid
_bMapfre
_c1992
300 _a251 p.
_btablas, gráfs., il.
490 0 _aMar y américa
_vv. 9
500 _aApéndices para consultar p. 209-244.
650 4 _aNAVEGACION MARITIMA
650 4 _aTRANSPORTE MARITIMO
650 4 _aPERIODO HISPANICO
650 4 _aINSTRUMENTOS DE NAVEGACION
650 4 _aHISTORIA POLITICA
650 4 _aHISTORIA MILITAR
650 4 _aHISTORIA ECONOMICA
650 4 _aCOMERCIO
800 1 _aGallego, José Andrés
_ecoordinador
800 1 _aBordejé Morencós, Fernando de
_edirector
942 _cBK
998 _cmariana
999 _c324
_d324